Education for profit (Record no. 90724)

000 -LEADER
fixed length control field 00810pab a2200169 454500
008 - FIXED-LENGTH DATA ELEMENTS--GENERAL INFORMATION
fixed length control field 180718b2011 xxu||||| |||| 00| 0 eng d
100 ## - MAIN ENTRY--PERSONAL NAME
Personal name Tilak, Jandhyala B.G.
245 ## - TITLE STATEMENT
Title Education for profit
260 ## - PUBLICATION, DISTRIBUTION, ETC.
Date of publication, distribution, etc. 2011
300 ## - PHYSICAL DESCRIPTION
Extent p.18-19.
362 ## - DATES OF PUBLICATION AND/OR SEQUENTIAL DESIGNATION
Dates of publication and/or sequential designation Feb 26
520 ## - SUMMARY, ETC.
Summary, etc. The mid-term appraisal of the Eleventh Plan calls for exploration of the possibility of converting existing private institutions into public partnerships. The government believes that strict regulation and enforcement will ensure that the private sector contributes significantly to equitable education. However, the government's record until now in terms of both its willingness and ability to do so has been poor. -- Reproduced.
650 ## - SUBJECT ADDED ENTRY--TOPICAL TERM
Topical term or geographic name entry element Education
773 ## - HOST ITEM ENTRY
Main entry heading Economic and Political Weekly
908 ## - PUT COMMAND PARAMETER (RLIN)
Put command parameter N
909 ## -
-- 90724
Holdings
Withdrawn status Lost status Damaged status Not for loan Permanent Location Current Location Date acquired Serial Enumeration / chronology Barcode Date last seen Price effective from Koha item type
        Indian Institute of Public Administration Indian Institute of Public Administration 2018-07-19 Volume no: 46, Issue no: 9 AR91184 2018-07-19 2018-07-19 Articles

Powered by Koha